Nombra un jugador válido para cada plantilla (Eurocopa 2024) - Estadísticas

Estadísticas generales
  • Esta prueba ha sido intentada 937 veces
  • La puntuación promedio es 19 de 24
Estadísticas de respuestas
País Jugadores % Correcto
Alemania Oliver Baumann | Manuel Neuer | Alexander Nübel | Marc-André ter Stegen | Waldemar Anton | Benjamin Henrichs | Joshua Kimmich | Robin Koch | Maximilian Mittelstädt | David Raum | Antonio Rüdiger | Nico Schlotterbeck | Jonathan Tah | Robert Andrich | Chris Führich | Pascal Gross | Ilkay Gündogan | Toni Kroos | Jamal Musiala | Aleksandar Pavlovic | Florian Wirtz | Maximilian Beier | Niclas Füllkrug | Kai Havertz | Thomas Müller |), Leroy Sané | Deniz Undav |
98%
España Unai Simon | Alex Remiro | David Raya | Dani Carvajal | Jésus Navas | Pau Cubarsi | Robin Le Normand | Dani Vivian |, Nacho Fernandez | Aymeric Laporte | Alex Grimaldo | Marc Cucurella | Rodri Hernandez | Martin Zubimendi | Mikel Merino | Marcos Llorente | Fabian Ruiz | Pedri |FC Fermin Lopez | Alex Baena | Aleix Garcia | Alvaro Morata | Joselu | Nico Williams | Dani Olmo | Lamine Yamal | Mikel Oyarzabal | Ferran Torres | Ayoze Pérez |
98%
Croacia Dominik Livakovic | Ivica Ivusic | Nediljko Labrovic | Domagoj Vida | Josip Juranovic | Josko Gvardiol | Borna Sosa | Josip Stanisic | Josip Sutalo | Martin Erlic | Marin Pongracic | Luka Modric | Mateo Kovacic | Marcelo Brozovic | Mario Pasalic | Nikola Vlasic | Lovro Majer | Luka Ivanusec | Luka Sucic | Martin Baturina | Ivan Perisic | Andrej Kramaric | Bruno Petkovic | Marko Pjaca |Rijeka, CRO, Ante Budimir | Marco Pasalic |
97%
Francia Alphonse Areola |, Mike Maignan | Brice Samba | Jonathan Clauss | Théo Hernandez | Ibrahima Konaté | Jules Koundé | Ferland Mendy | Benjamin Pavard | William Saliba | Dayot Upamecano | Eduardo Camavinga | Youssouf Fofana | Adrien Rabiot | Aurélien Tchouaméni | Warren Zaïre-Emery | N’Golo Kanté | Antoine Griezmann | Bradley Barcola Kingsley Coman | Ousmane Dembélé | Olivier Giroud | Randal Kolo Muani | Kylian Mbappé | Marcus Thuram |
96%
Inglaterra Jordan Pickford | Aaron Ramsdale | Dean Henderson |
Kyle Walker | John Stones | Luke Shaw | Joe Gomez | Marc Guehi | Kieran Trippier | Ezri Konsa |Aston Villa, Lewis Dunk |
Declan Rice | Kobbie Mainoo | Adam Wharton | Conor Gallagher | Trent Alexander-Arnold |
Harry Kane | Ollie Watkins | Ivan Toney | Jarrod Bowen | Bukayo Saka | Anthony Gordon | Cole Palmer | Jude Bellingham | Phil Foden | Eberechi Eze |
96%
Portugal Diogo Costa | Rui Patricio | José Sa |
Joao Cancelo | Nelson Semedo | Diogo Dalot | Nuno Mendes | Ruben Dias |, Antonio Silva | Gonçalo Inacio | Pepe | Danilo Pereira |
Joao Palhinha | Ruben Neves | Joao Neves | Vitinha |, Matheus Nunes | Bruno Fernandes | Bernardo Silva |
Cristiano Ronaldo | Rafael Leao | Joao Félix | Gonçalo Ramos |, Diogo Jota | Pedro Neto | Francisco Conceiçao |
93%
Italia Gianluigi Donnarumma | Alex Meret | Guglielmo Vicario |
Alessandro Bastoni | Raoul Bellanova | Alessandro Buongiorno | Riccardo Calafiori | Andrea Cambiaso | Matteo Darmian | Giovanni Di Lorenzo | Federico Dimarco | Gianluca Mancini |Roma, Federico Gatti |
Nicolo Barella | Bryan Cristante |, Nicolo Fagioli | Michael Folorunsho | Davide Frattesi | Jorginho | Lorenzo Pellegrini |
Federico Chiesa | Stephan El Shaarawy Giacomo Raspadori | Mateo Retegui |, Gianluca Scamacca | Mattia Zaccagni |
91%
Países bajos Justin Bijlow | Mark Flekken | Bart Verbruggen |
Nathan Aké | Daley Blind | Virgil van Dijk | Denzel Dumfries | Jeremie Frimpong | Lutsharel Geertruida | Matthijs de Ligt | Micky van de Ven | Stefan de Vrij |
Ryan Gravenberch | Frenkie de Jong | Teun Koopmeiners | Tijjani Reijnders | Jerdy Schouten | Xavi Simons | Joey Veerman | Georginio Wijnaldum |
Steven Bergwijn | Brian Brobbey | Memphis Depay | Cody Gakpo | Donyell Malen | Wout Werghorst |
91%
Bélgica Matz Sels | Koen Casteels | Thomas Kaminski |
Wout Faes | Timothy Castagne | Arthur Theate | Jan Vertonghen | Axel Witsel | Zeno Debast | Thomas Meunier | Maxim De Cuyper |
Aster Vranckx | Youri Tielemans |, Orel Mangala | Kevin De Bruyne | Arthur Vermeeren | Amadou Onana |
Romelu Lukaku | Charles De Ketelaere | Jérémy Doku | Loïs Openda | Leandro Trossard | Johan Bakayoko | Dodi Lukebakio | Yannick Carrasco |
90%
Polognia Wojciech Szczęsny | Marcin Bulka | Łukasz Skorupski | Oliwier Zych |Puszcza
Jan Bednarek | Pawel Bochniewicz | Jakub Kiwior | Bartosz Salamon | Bartosz Bereszyński | Pawel Dawidowicz | Tymoteusz Puchacz | Sebastian Walukiewicz |
Przemysław Frankowski | Jakub Moder | Taras Romanchuk | Sebastian Szymański | Michał Skóraś | Nicola Zalewski | Kamil Grosicki | Jakub Piotrowski | Bartosz Slisz | Damian Szymański | Kacper Urbański | Piotr Zieliński |
Adam Buksa | Arkadiusz Milik | Karol Świderski | Robert Lewandowski | Krzysztof Piątek |
88%
Suiza Marvin Keller |, Pascal Loretz | Gregor Kobel |, Yvon Mvogo | Yann Sommer |Inter Milan, ITA Aurèle Amenda | Nico Elvedi | Ulisses Garcia | Kevin Mbabu | Bryan Okoh | Becir Omeragic Leonidas Stergiou | Cédric Zesiger | Manuel Akanji | Albian Hajdari | Ricardo Rodriguez | Fabian Schär | Silvan Widmer | Zeki Amdouni | Kwadwo Duah Ardon Jashari | Fabian Rieder | Vincent Sierro | Filip Ugrinic | Ruben Vargas | Denis Zakaria | Michel Aebischer | Uran Bislimi | Remo Freuler | Xherdan Shaqiri | Renato Steffen | Granit Xhaka | Joël Monteiro | Dan Ndoye | Noah Okafor |, Breel Embolo |Monaco, Andi Zeqiri | Steven Zuber |
85%
Dinamarca Schmeichel |, Rönnow | Hermansen |
Bah | Mæhle | Kristiansen | Nissen Kristensen | Christensen | Andersen | Kjaer | Vestergaard | Nelsson |
Eriksen | Hojbjerg | Delaney |Jensen | Nørgaard | Hjulmand |
Hojlund | Dolberg | Wind | Poulsen | Skov Olsen | Damsgaard | Bruun Larsen |
84%
Turquía Altay Bayindir | Dogan Alemdar | Mert Günok |, Ugurcan Cakir |
Mert Müldur | Zeki Celik | Abdulkerim Bardakci | Ahmetcan Kaplan | Caglar Soyuncu | Merih Demiral | Ozan Kabak | Samet Akaydin | Cenk Ozkacar | Ferdi Kadioglu |
Berat Ozdemir | Can Uzun | Hakan Calhanoglu | Ismail Yuksek | Kaan Ayhan | Okay Yokuslu | Orkun Kokcu | Salih Ozcan |
Abdulkadir Omur | Irfan Kahveci | Yunus Akgun | Kenan Yildiz | Kerem Akturkoglu | Oguz Aydin | Arda Guler | Bans Alper Yilmaz |, Bertug Yildirim | Cenk Tosun | Enes Unal | Semih Kilicsoy |Besiktas, Yusuf Yazici |
82%
Escocia Zander Clark | Craig Gordon |Angus Gunn |Liam Kelly
Liam Cooper | Grant Hanley | Jack Hendry | Ross McCrorie | Scott McKenna | Ryan Porteous | Anthony Ralston |, Andy Robertson | John Souttar | Greg Taylor | Kieran Tierney |
Stuart Armstrong | Ryan Christie | Billy Gilmour | Ryan Jack | John McGinn | Callum McGregor | Kenny McLean | Scott McTominay |
Ché Adams | Lyndon Dykes | James Forrest | Lawrence Shankland |
81%
Eslovenia Jan Oblak | Vid Belec |, Luka Vekic | Matevz Vidovsek |
Jure Balkovec | Jaka Bijol | Miha Blazic | David Brekalo | Vanja Drkusic | Erik Janza | Zan Karnicnik | Petar Stojanović | Zan Zaletel |
Timi Max Elsnik | Adam Gnezda Cerin | Jon Gorenc Stankovic | Tomi Horvat | Jasmin Kurtic | Sandi Lovric | Benjamin Verbic | Miha Zajc | Adrian Zeljkovic | Nino Zugelj |
Zan Celar |, Josip Ilicic | Jan Mlakar | Benjamin Šeško |, Andraž Šporar | Zan Vipotnik | Luka Zahovic |
80%
Ucrania Heorhii Bushchan | Anatolii Trubin | Andrii Lunin |
Mykola Matviienko | Yukhym Konoplia | Valerii Bondar | Oleksandr Tymchyk | Vitalii Mykolenko | Illya Zabarnyi | Oleksandr Svatok | Maksym Talovierov |,Bohdan Mykhailinchenko |
Andrii Yarmolenko | Mykola Shaparenko | Volodymyr Brazhko | Taras Stepanenko | Oleksandr Zubkov | Heorhii Sudakov | Oleksandr Zinchenko | Victor Tsyhankov | Mykhailo Mudryk | Ruslan Malinovskyi | Serhii Sydorchuk |
Artem Dovbyk | Roman Yaremchuk | Vladyslav Vanat |
78%
Serbia Vanja Milinkovic-Savic | Predrag Rajkovic |, Dorde Petrovic | Aleksandar Jovanovic | Strahinja Pavlovic | Nikola Milenkovic | Milos Veljkovic | Srdan Babic | Uros Spajic | Strahinja Erakovic |Nemanja Stojic |Backa TopolaJan-Carlo Simic | Sasa Lukic | Nemanja Gudelj | Nemanja Maksimovic | Ivan Ilic | Srdjan Mijailovic | Sergej Milinkovic-Savic | Dusan Tadic | Lazar Samardzic | Veljko Birmancevic | Filip Kostic | Andrija Zivkovic | Filip Mladenovic | Mijat Gacinovic | Aleksandar Mitrovic | Dusan Vlahovic | Luka Jovic | Petar Ratkov |
74%
Georgia Giorgi Mamardashvili | Giorgi Loria | Luka Gugeshashvili |
Solomon Kverkvelia | Giorgi Gvelesiani | Guram Kashia | Jemal Tabidze | Lasha Dvali | Luka Lochoshvili | Otar Kakabadze | Giorgi Gocholeishvili |
Giorgi Chakvetadze | Anzor Mekvabishvili | Jaba Kankava | Otar Kiteishvili | Nika Kvekveskiri |,Giorgi Kochorashvili | Sandro Altunashvili | Levan Shengelia | Giorgi Tsitaishvili | Saba Lobzhanidze | Zuriko Davitashvili |
Khvicha Kvaratskhelia | Georges Mikautadze | Budu Zivzivadze | Giorgi Kvilitaia |
72%
Hungría Denes Dibusz |Peter Gulacsi | Peter Szappanos |Paksi Botond Balogh | Endre Botka |, Marton Dardai | Attila Fiola | Adam Lang | Willi Orban |RB Leipzig, Attila Szalai | Bendeguz Bolla | Mihaly Kata | Milos Kerkez | Laszlo Kleinheisler | Adam Nagy | Zsolt Nagy |Puskas Loïc Nego | Andras Schäfer | Callum Styles | Martin Adam | Kevin Csoboth | Daniel Gazdag | Krisztofer Horvath | Roland Sallai | Dominik Szoboszlai | Barnabas Varga |
69%
Austria Niklas Hedl | Tobias Lawal | Heinz Lindner | Patrick Pentz |
Flavius Daniliuc | Kevin Danso | Stefan Lainer | Philipp Lienhart | Phillipp Mwene | Stefan Posch | Leopold Querfeld | Gernot Trauner | Maximilian Wöber |
Thierno Ballo | Christoph Baumgartner | Florian Grillitsch | Marco Grüll | Florian Kainz | Konrad Laimer | Alexander Prass | Marcel Sabitzer | Romano Schmid | Matthias Seidl | Nicolas Seiwald |Patrick Wimmer |
Marko Arnautovic | Maximilian Entrup | Michael Gregoritsch | Andreas Weimann |
65%
Rumanía Florin Nita | Stefan Tarnovanu | Razvan Sava | Horațiu Moldovan |
Andrei Ratiu | Vasile Mogos | Radu Dragusin | Bogdan Racovitan | Adrian Rus | Ionuț Nedelcearu | Nicusor Bancu | et Andrei Burca |
Deian Sorescu | Marius Marin | Alexandru Cicaldau | Răzvan Marin | Nicolae Stanciu | Dennis Man | Valentin Mihaila | Ianis Hagi | Constantin Grameni | Darius Olaru | Adrian Sut | Florinel Coman |
George Puscas | Denis Alibec |Daniel Birligea | Denis Dragus |
64%
República checa Jindrich Stanek | Matej Kovar | Vitezslav Jaros |
Ladislav Krejci | Martin Vitik | Vladimir Coufal | David Doudera | Tomas Holes | Robin Hranac | David Jurasek | Tomas Vlcek | David Zima |
Antonin Barak | Vaclav Cerny | Lukas Cerv | Matej Jurasek | Ondrej Lingr | Lukas Provod | Michal Sadilek | Tomas Soucek | Pavel Sulc |
Adam Hlozek | Tomas Chory | Mojmir Chytil | Jan Kuchta |Patrik Schick |
57%
Albania Etrit Berisha | Elhan Kastrati | Simon Simoni | Strakosha | Naser Aliji | Arlind Ajeti | Ivan Balliu | Berat Djimsiti | Elseid Hysaj | Adrian Ismajli | Marash Kumbulla | Enea Mihaj |Famalicao | Mario Mitaj | Amir Abrashi | Kristjan Asslani |Nedim Bajrami | Medon Berisha | Klaus Gjasula | Qazim Laçi | Ernest Muçi | Ylber Ramadani | Jasir Asani | Armando Broja | Mirlind Daku | Arbër Hoxha | Rey Manaj | Taulant Seferi |Baniyas
55%
Eslovaquia Martin Dubravka | Marek Rodak | Henrich Ravas |Dominik Takac |
Peter Pekarik | Michal Tomic | Matus Kmet | Norbert Gyömber | Denis Vavro | Milan Skriniar | Adam Obert | David Hancko | Vernon De Marco | Sebastian Kosa |
Jakub Kadak | Matus Bero | Juraj Kucka | Tomas Rigo | Patrik Hrosovsky | Stanislav Lobotka | Ondrej Duda | Dominik Holly | Laszlo Benes |
Dávid Duris | Tomas Suslov | Ivan Schranz | Robert Bozenik | David Strelec | Robert Polievka | Lubomír Tupta | Leo Sauer | Lukas Haraslin |
51%
No se encontraron pruebas coincidentes
Distribución de puntuación
Porcentaje de gente con cada puntuación
Porcentaje por número respondido
Historial de tus puntuaciones
No has intentado esta prueba.